000 00368nam a2200145Ia 4500
005 20251222152019.0
008 251222s9999||||xx |||||||||||||| ||spa||
020 _a978-9972-05-064-0
082 _a249.83/J81/2007
100 _a"Juan Pablo II, Papa"
245 0 _aFamiliaris consortio
250 _a2a.ed.
264 _bConsejo Nacional de Educación
942 _cLIB
999 _c25214
_d25214